<?xml version="1.0" encoding="UTF-8"?>
<record
    xmlns:xsi="http://www.w3.org/2001/XMLSchema-instance"
    xsi:schemaLocation="http://www.loc.gov/MARC21/slim http://www.loc.gov/standards/marcxml/schema/MARC21slim.xsd"
    xmlns="http://www.loc.gov/MARC21/slim">

  <leader>02569nam a2200349 a 4500</leader>
  <controlfield tag="001">78306</controlfield>
  <controlfield tag="003">BD-RjUL</controlfield>
  <controlfield tag="005">20220111123006.0</controlfield>
  <controlfield tag="008">210907s2018    bg a|||| m||| 00| 0 ben d</controlfield>
  <datafield tag="035" ind1=" " ind2=" ">
    <subfield code="a">(BD-RjUL)78306</subfield>
  </datafield>
  <datafield tag="040" ind1=" " ind2=" ">
    <subfield code="a">BD-RjUL</subfield>
    <subfield code="b">ben / eng</subfield>
    <subfield code="c">BD-RjUL</subfield>
    <subfield code="d">BD-RjUL</subfield>
  </datafield>
  <datafield tag="041" ind1=" " ind2=" ">
    <subfield code="a">ben</subfield>
  </datafield>
  <datafield tag="082" ind1=" " ind2=" ">
    <subfield code="a">352.14095492</subfield>
    <subfield code="b">NUB  2018</subfield>
    <subfield code="2">23</subfield>
  </datafield>
  <datafield tag="099" ind1=" " ind2=" ">
    <subfield code="a">352.05492?</subfield>
  </datafield>
  <datafield tag="100" ind1=" " ind2=" ">
    <subfield code="a">&#x9A8;&#x9C2;&#x9B0;&#x9C1;&#x99C;&#x9CD;&#x99C;&#x9BE;&#x9AE;&#x9BE;&#x9A8;, &#x9AE;&#x9CB;. &#x986;&#x9AC;&#x9C1;&#x9B2; &#x995;&#x9BE;&#x9B6;&#x9C7;&#x9AE;</subfield>
    <subfield code="9">247464</subfield>
  </datafield>
  <datafield tag="245" ind1="1" ind2="0">
    <subfield code="a">&#x9AC;&#x9BE;&#x982;&#x9B2;&#x9BE;&#x9A6;&#x9C7;&#x9B6;&#x9C7; &#x997;&#x9CD;&#x9B0;&#x9BE;&#x9AE;&#x9C0;&#x9A3; &#x99C;&#x9A8;&#x997;&#x9CB;&#x9B7;&#x9CD;&#x9A0;&#x9C0;&#x9B0; &#x986;&#x9B0;&#x9CD;&#x9A5;-&#x9B8;&#x9BE;&#x9AE;&#x9BE;&#x99C;&#x9BF;&#x995; &#x989;&#x9A8;&#x9CD;&#x9A8;&#x9AF;&#x9BC;&#x9A8;&#x9C7; &#x987;&#x989;&#x9A8;&#x9BF;&#x9AF;&#x9BC;&#x9A8; &#x9AA;&#x9B0;&#x9BF;&#x9B7;&#x9A6;&#x9C7;&#x9B0; &#x9AD;&#x9C2;&#x9AE;&#x9BF;&#x995;&#x9BE; :</subfield>
    <subfield code="b">&#x9B0;&#x9BE;&#x99C;&#x9B6;&#x9BE;&#x9B9;&#x9C0; &#x99C;&#x9C7;&#x9B2;&#x9BE;&#x9B0; &#x989;&#x9AA;&#x9B0; &#x98F;&#x995;&#x99F;&#x9BF; &#x9B8;&#x9AE;&#x9C0;&#x995;&#x9CD;&#x9B7;&#x9BE; /</subfield>
    <subfield code="c">&#x986;&#x9AC;&#x9C1;&#x9B2; &#x995;&#x9BE;&#x9B6;&#x9C7;&#x9AE; &#x9AE;&#x9CB;. &#x9A8;&#x9C2;&#x9B0;&#x9C1;&#x99C;&#x9CD;&#x99C;&#x9BE;&#x9AE;&#x9BE;&#x9A8; ;</subfield>
    <subfield code="6">&#x9B8;&#x9C1;&#x9AA;&#x9BE;&#x9B0;&#x9AD;&#x9BE;&#x987;&#x99C;&#x9BE;&#x9B0; : &#x995;&#x9AB;&#x9BF;&#x9B2; &#x989;&#x9A6;&#x9CD;&#x9A6;&#x9BF;&#x9A8; &#x986;&#x9B9;&#x9AE;&#x9C7;&#x9A6; ; &#x995;&#x9CB;-&#x9B8;&#x9C1;&#x9AA;&#x9BE;&#x9B0;&#x9AD;&#x9BE;&#x987;&#x99C;&#x9BE;&#x9B0; :&#x9AA;&#x9CD;&#x9B0;&#x9A6;&#x9C0;&#x9AA; &#x995;&#x9C1;&#x9AE;&#x9BE;&#x9B0; &#x9B8;&#x9BE;&#x9B9;&#x9BE;</subfield>
  </datafield>
  <datafield tag="246" ind1=" " ind2=" ">
    <subfield code="a">Role of union parishad in socio economic Development of Rural people in Bangladesh :</subfield>
    <subfield code="b">A study on Rajshahi District /</subfield>
  </datafield>
  <datafield tag="260" ind1=" " ind2=" ">
    <subfield code="a">&#x9B0;&#x9BE;&#x99C;&#x9B6;&#x9BE;&#x9B9;&#x9C0; :</subfield>
    <subfield code="b">&#x9B0;&#x9BE;&#x9B7;&#x9CD;&#x99F;&#x9CD;&#x9B0;&#x9AC;&#x9BF;&#x99C;&#x9CD;&#x99E;&#x9BE;&#x9A8; &#x9AC;&#x9BF;&#x9AD;&#x9BE;&#x997;, &#x9B0;&#x9BE;&#x99C;&#x9B6;&#x9BE;&#x9B9;&#x9C0; &#x9AC;&#x9BF;&#x9B6;&#x9CD;&#x9AC;&#x9AC;&#x9BF;&#x9A6;&#x9CD;&#x9AF;&#x9BE;&#x9B2;&#x9AF;&#x9BC;, </subfield>
    <subfield code="c">&#x9E8;&#x9E6;&#x9E7;&#x9EE;</subfield>
  </datafield>
  <datafield tag="300" ind1=" " ind2=" ">
    <subfield code="a">x, &#x9E8;&#x9E6;&#x9E7; &#x9AA;&#x9BE;&#x9A4;&#x9BE; :</subfield>
    <subfield code="b">&#x99A;&#x9BF;&#x98F; ;</subfield>
    <subfield code="c">&#x9E8;&#x9EF; &#x9B8;&#x9C7;&#x9AE;&#x9BF;.</subfield>
  </datafield>
  <datafield tag="502" ind1=" " ind2=" ">
    <subfield code="a">&#x9A5;&#x9BF;&#x9B8;&#x9BF;&#x9B8; (&#x9AA;&#x9BF;&#x98F;&#x987;&#x99A;. &#x9A1;&#x9BF;.) -- &#x9B0;&#x9BE;&#x9B7;&#x9CD;&#x99F;&#x9CD;&#x9B0;&#x9AC;&#x9BF;&#x99C;&#x9CD;&#x99E;&#x9BE;&#x9A8; &#x9AC;&#x9BF;&#x9AD;&#x9BE;&#x997;, &#x9B0;&#x9BE;&#x99C;&#x9B6;&#x9BE;&#x9B9;&#x9C0; &#x9AC;&#x9BF;&#x9B6;&#x9CD;&#x9AC;&#x9AC;&#x9BF;&#x9A6;&#x9CD;&#x9AF;&#x9BE;&#x9B2;&#x9AF;&#x9BC;, &#x9E8;&#x9E6;&#x9E7;&#x9EE;</subfield>
  </datafield>
  <datafield tag="504" ind1=" " ind2=" ">
    <subfield code="a">&#x997;&#x9CD;&#x9B0;&#x9A8;&#x9CD;&#x9A5;&#x9AA;&#x99E;&#x9CD;&#x99C;&#x9BF; : &#x9AA;&#x9BE;&#x9A4;&#x9BE; [&#x9E7;&#x9E7;&#x9EC;]-&#x9E7;&#x9E8;&#x9E8;</subfield>
  </datafield>
  <datafield tag="600" ind1=" " ind2=" ">
    <subfield code="a">	</subfield>
    <subfield code="c">	 </subfield>
    <subfield code="d"> 	          </subfield>
    <subfield code="9">651</subfield>
  </datafield>
  <datafield tag="650" ind1=" " ind2=" ">
    <subfield code="a">&#x9B8;&#x9CD;&#x9A5;&#x9BE;&#x9A8;&#x9C0;&#x9AF;&#x9BC; &#x9B8;&#x9B0;&#x995;&#x9BE;&#x9B0; </subfield>
    <subfield code="z">&#x9AC;&#x9BE;&#x982;&#x9B2;&#x9BE;&#x9A6;&#x9C7;&#x9B6;</subfield>
    <subfield code="z">&#x9B0;&#x9BE;&#x99C;&#x9B6;&#x9BE;&#x9B9;&#x9C0; &#x99C;&#x9C7;&#x9B2;&#x9BE;</subfield>
    <subfield code="9">247648</subfield>
  </datafield>
  <datafield tag="650" ind1=" " ind2=" ">
    <subfield code="a">Local government </subfield>
    <subfield code="z">Bangladesh</subfield>
    <subfield code="z">Rajshahi District</subfield>
    <subfield code="9">247649</subfield>
  </datafield>
  <datafield tag="650" ind1=" " ind2=" ">
    <subfield code="a">&#x997;&#x9CD;&#x9B0;&#x9BE;&#x9AE;&#x9C0;&#x9A3; &#x989;&#x9A8;&#x9CD;&#x9A8;&#x9AF;&#x9BC;&#x9A8; </subfield>
    <subfield code="z">&#x9AC;&#x9BE;&#x982;&#x9B2;&#x9BE;&#x9A6;&#x9C7;&#x9B6;</subfield>
    <subfield code="z">&#x9B0;&#x9BE;&#x99C;&#x9B6;&#x9BE;&#x9B9;&#x9C0; &#x99C;&#x9C7;&#x9B2;&#x9BE;</subfield>
    <subfield code="9">247650</subfield>
  </datafield>
  <datafield tag="650" ind1=" " ind2=" ">
    <subfield code="a">Rural development </subfield>
    <subfield code="z">Bangladesh.</subfield>
    <subfield code="z">Rajshahi District</subfield>
    <subfield code="9">247651</subfield>
  </datafield>
  <datafield tag="650" ind1=" " ind2=" ">
    <subfield code="a">&#x99C;&#x9A8;&#x9AA;&#x9CD;&#x9B0;&#x9B6;&#x9BE;&#x9B8;&#x9A8; </subfield>
    <subfield code="z">&#x9AC;&#x9BE;&#x982;&#x9B2;&#x9BE;&#x9A6;&#x9C7;&#x9B6;</subfield>
    <subfield code="z">&#x9B0;&#x9BE;&#x99C;&#x9B6;&#x9BE;&#x9B9;&#x9C0; &#x99C;&#x9C7;&#x9B2;&#x9BE;</subfield>
    <subfield code="9">247652</subfield>
  </datafield>
  <datafield tag="650" ind1=" " ind2=" ">
    <subfield code="a">Public administration </subfield>
    <subfield code="z">Bangladesh. </subfield>
    <subfield code="z">Rajshahi District</subfield>
    <subfield code="9">247653</subfield>
  </datafield>
  <datafield tag="700" ind1=" " ind2=" ">
    <subfield code="a">&#x986;&#x9B9;&#x9AE;&#x9C7;&#x9A6;, &#x995;&#x9AB;&#x9BF;&#x9B2; &#x989;&#x9A6;&#x9CD;&#x9A6;&#x9BF;&#x9A8;, &#x9B8;&#x9C1;&#x9AA;&#x9BE;&#x9B0;&#x9AD;&#x9BE;&#x987;&#x99C;&#x9BE;&#x9B0;</subfield>
    <subfield code="9">652</subfield>
  </datafield>
  <datafield tag="700" ind1=" " ind2=" ">
    <subfield code="a">&#x9B8;&#x9BE;&#x9B9;&#x9BE;, &#x9AA;&#x9CD;&#x9B0;&#x9A6;&#x9C0;&#x9AA; &#x995;&#x9C1;&#x9AE;&#x9BE;&#x9B0;, &#x995;&#x9CB;-&#x9B8;&#x9C1;&#x9AA;&#x9BE;&#x9B0;&#x9AD;&#x9BE;&#x987;&#x99C;&#x9BE;&#x9B0;</subfield>
    <subfield code="9">653</subfield>
  </datafield>
  <datafield tag="942" ind1=" " ind2=" ">
    <subfield code="2">ddc</subfield>
    <subfield code="c">THE</subfield>
  </datafield>
  <datafield tag="999" ind1=" " ind2=" ">
    <subfield code="c">78306</subfield>
    <subfield code="d">78306</subfield>
  </datafield>
  <datafield tag="952" ind1=" " ind2=" ">
    <subfield code="1">0</subfield>
    <subfield code="2">ddc</subfield>
    <subfield code="4">0</subfield>
    <subfield code="7">1</subfield>
    <subfield code="8">THESES</subfield>
    <subfield code="a">RUCL</subfield>
    <subfield code="b">RUCL</subfield>
    <subfield code="c">Doc/The</subfield>
    <subfield code="d">2019-04-29</subfield>
    <subfield code="e">Controller of Exam., R.U</subfield>
    <subfield code="l">0</subfield>
    <subfield code="o">BTHE 352.14095492 NUB  2018</subfield>
    <subfield code="p">D4238</subfield>
    <subfield code="r">2021-09-07 00:00:00</subfield>
    <subfield code="t">C-1</subfield>
    <subfield code="y">THE</subfield>
  </datafield>
</record>
